000 00326nam a22001097a 4500
040 _cSK
082 _a318
100 _aអ៊ុន ប៊ុនលាង
245 _aបរិញ្ញាប័ត្រវិទ្យាសាស្រ្តគណិតវិទ្យា
260 _aRUA
_bអ៊ុន
_c2001
942 _cKB
999 _c10363
_d10363